|
|
|
|
| LEADER |
00000nam a22000007a 4500 |
| 005 |
2012092109259.0 |
| 007 |
cr|||| |||| |
| 008 |
120921s2011 sp |||||s|||| 00||0 spa d |
| 020 |
|
|
|a 978-84-15454-87-8
|
| 035 |
|
|
|a 6308
|
| 040 |
|
|
|a vLex
|
| 090 |
|
|
|c 3460
|d 3460
|
| 245 |
0 |
0 |
|a Demandas sociales en materia de horarios
|h [Recurso electrn̤ico]
|
| 256 |
|
|
|a Servicio en ln̕ea
|
| 260 |
|
|
|a Madrid :
|b Dykinson,
|c 2011
|
| 300 |
|
|
|a 1 recurso electrn̤ico
|
| 506 |
1 |
|
|a Contenido solo disponible en los productos indicados
|d vLex Global
|d vLex Global (Academic Edition, excluding Law Schools)
|d vLex Global (U.S. Academic Edition, Law Schools)
|d vLex Global (U.S. Academic Edition, excluding Law Schools)
|d vLex Global (Academic Edition, Law Schools)
|
| 650 |
0 |
4 |
|a Jornada de trabajo
|
| 740 |
0 |
|
|a vLex Libros (Servicio en ln̕ea)
|
| 856 |
4 |
0 |
|u http://vlex.com/source/demandas-sociales-materia-horarios-6308
|z Acceso restringido
|
| 942 |
|
|
|c BOOK
|
| 999 |
0 |
|
|a Hours of labor
|